[Event "III Open A Primavera"]
[Site "Como ITA"]
[Date "2007.04.27"]
[Round "3"]
[White "Corti, Filippo"]
[Black "Vaghi, Cornelio"]
[Result "0-1"]
[WhiteElo "1649"]
[BlackElo "1461"]
[PlyCount "49"]
[EventDate "2007.04.13"]

1. Nf3 Nf6 2. g3 d5 3. Bg2 c6 4. d3 h6 5. O-O Bf5 6. Nbd2 e6 7. b3 Bd6 8. Bb2
O-O 9. Re1 Re8 10. e4 dxe4 11. dxe4 Bc5 12. exf5 exf5 13. Bxf6 gxf6 14. Nc4 Nd7
15. Rxe8+ Qxe8 16. Qe1 Qd8 17. Rd1 Qc7 18. Qd2 Rd8 19. Qxh6 Ne5 20. Rxd8+ Qxd8
21. Ne3 Ng4 22. Qf4 Bxe3 23. fxe3 Qd1+ 24. Bf1 Qxc2 25. h3 0-1

[Event "III Open A Primavera"]
[Site "Como ITA"]
[Date "2007.04.27"]
[Round "3"]
[White "Fusi, Claudio"]
[Black "Ghelfi, Giancarlo"]
[Result "1-0"]
[WhiteElo "1565"]
[BlackElo "1553"]
[PlyCount "123"]
[EventDate "2007.04.13"]

1. d4 Nf6 2. c4 g6 3. Nc3 Bg7 4. e4 d6 5. Nf3 O-O 6. Be2 e5 7. d5 Nbd7 8. Nd2
a5 9. O-O Nc5 10. a3 a4 11. b4 axb3 12. f3 Nfd7 13. Nxb3 f5 14. Rb1 f4 15. Nb5
Rf7 16. Bd2 Nxb3 17. Rxb3 Bf8 18. Bb4 Nf6 19. Qc2 Nh5 20. c5 Rd7 21. c6 Rf7 22.
Rc3 b6 23. a4 Qh4 24. Nxc7 Rxc7 25. a5 bxa5 26. Ra3 Rca7 27. Be1 Qd8 28. Bf2
Rf7 29. Rc1 Qc7 30. Qc3 Be7 31. Be1 Bd8 32. Rca1 Qa7+ 33. Kh1 Nf6 34. R1a2 Qb8
35. Qa1 Rfa7 36. Bf2 Bb6 37. Rb2 Bxf2 38. Rxb8 Rxb8 39. Qf1 Bc5 40. Ra1 Ne8 41.
g3 Nc7 42. gxf4 exf4 43. Qg2 Kg7 44. Qg5 Be3 45. Qe7+ Kh6 46. Qxd6 Rba8 47.
Qf8+ Kh5 48. Qg7 Nxd5 49. Qe5+ g5 50. Qxd5 Rb8 51. Qd8 Raa8 52. c7 Rb2 53. Qe8+
Kh4 54. Qg8 h5 55. Qd5 Bh3 56. Re1 a4 57. Qd3 a3 58. Rb1 a2 59. Ra1 Ra3 60. Qd1
Rab3 61. Qe1+ Bf2 62. Qxf2# 1-0

[Event "III Open A Primavera"]
[Site "Como ITA"]
[Date "2007.04.27"]
[Round "3"]
[White "Giaracuni, Claudio"]
[Black "Ostini, Michele"]
[Result "1/2-1/2"]
[WhiteElo "1759"]
[BlackElo "1482"]
[PlyCount "105"]
[EventDate "2007.04.13"]

1. d4 d5 2. Nc3 e6 3. Bf4 a6 4. e4 dxe4 5. Nxe4 Nd7 6. Nf3 Ngf6 7. Bd3 b5 8.
O-O Bb7 9. Bg5 Be7 10. Bxf6 Bxf6 11. c3 Be7 12. b4 O-O 13. a4 a5 14. axb5 axb4
15. cxb4 Bxb4 16. Qc2 h6 17. Ra4 Be7 18. Rfa1 Rxa4 19. Qxa4 Qa8 20. Qxa8 Rxa8
21. Rxa8+ Bxa8 22. Ne5 Nxe5 23. dxe5 Kf8 24. Nd2 Bc5 25. Kf1 c6 26. Be4 Bb7 27.
bxc6 Ba6+ 28. Ke1 Ke7 29. Nb3 Bb6 30. g3 Kd8 31. h4 Kc7 32. h5 Bb5 33. f4 Bxc6
34. Bxc6 Kxc6 35. Ke2 f6 36. exf6 gxf6 37. g4 Bd8 38. Ke3 Kd5 39. Kf3 e5 40.
Nd2 exf4 41. Kxf4 Ke6 42. Nf1 Bc7+ 43. Ke4 Bd6 44. Ne3 Be7 45. Nf5 Bf8 46. Kd4
Kf7 47. Kd5 Kg8 48. Ke6 Kh7 49. Kxf6 Ba3 50. Nxh6 Kxh6 51. g5+ Kxh5 52. g6 Bb2+
53. Kf7 1/2-1/2

[Event "III Open A Primavera"]
[Site "Como ITA"]
[Date "2007.04.27"]
[Round "3"]
[White "Grassetto, Gilberto"]
[Black "Lancianese, Giuseppe"]
[Result "1-0"]
[WhiteElo "1933"]
[BlackElo "1640"]
[PlyCount "65"]
[EventDate "2007.04.13"]

1. d4 d5 2. Nf3 Bf5 3. e3 e6 4. a3 Nf6 5. Nbd2 Bd6 6. c4 c6 7. b4 dxc4 8. Bxc4
Nbd7 9. O-O O-O 10. Bb2 Nb6 11. Ba2 Nbd5 12. Re1 Ne4 13. Rc1 Nxd2 14. Nxd2 Bg6
15. Nc4 Bc7 16. e4 Nb6 17. Na5 Rb8 18. Nb3 Qh4 19. g3 Qg5 20. Rc5 Qd8 21. Nd2
Nd7 22. Rc1 Nf6 23. f4 Rc8 24. Bb1 Bb8 25. Nb3 Qb6 26. Nc5 Rfd8 27. Qf3 h6 28.
g4 Nd7 29. f5 exf5 30. gxf5 Bh7 31. Qg2 Nxc5 32. dxc5 Qc7 33. Qxg7# 1-0

[Event "III Open A Primavera"]
[Site "Como ITA"]
[Date "2007.04.27"]
[Round "3"]
[White "Lipari, Alberto"]
[Black "Raineri, Pieroberto"]
[Result "1-0"]
[WhiteElo "1464"]
[BlackElo "1565"]
[PlyCount "61"]
[EventDate "2007.04.13"]

1. d4 Nf6 2. c4 g6 3. Nc3 Bg7 4. e4 d6 5. h3 O-O 6. Nf3 Qe8 7. Bf4 Na6 8. a3
Nh5 9. Bh2 c5 10. e5 cxd4 11. Qxd4 Nc5 12. Rd1 Ne6 13. Qe3 dxe5 14. Bxe5 f6 15.
Bh2 f5 16. Ne5 f4 17. Qe2 Nc5 18. Nd5 Qa4 19. Nxe7+ Kh8 20. N7xg6+ hxg6 21.
Nxg6+ Kg8 22. Nxf8 Bf5 23. Qxh5 Re8+ 24. Be2 Qa5+ 25. b4 Nd3+ 26. Rxd3 Bxd3 27.
bxa5 Bc3+ 28. Kd1 f3 29. Qd5+ Kxf8 30. Bd6+ Kg7 31. Bxd3 1-0

[Event "III Open A Primavera"]
[Site "Como ITA"]
[Date "2007.04.27"]
[Round "3"]
[White "Napoli, Ferdinando"]
[Black "Petetta, Roberto"]
[Result "1-0"]
[WhiteElo "1826"]
[BlackElo "1778"]
[PlyCount "95"]
[EventDate "2007.04.13"]

1. e4 c5 2. Nf3 d6 3. d4 cxd4 4. Nxd4 Nf6 5. Nc3 g6 6. Be3 Bg7 7. f3 O-O 8. Qd2
Nc6 9. Bc4 Bd7 10. O-O-O Ne5 11. Bb3 Rc8 12. h4 Nc4 13. Bxc4 Rxc4 14. Nde2 Qa5
15. Kb1 Rfc8 16. g4 Nxg4 17. fxg4 Bxg4 18. Nd5 Qxd2 19. Rxd2 Kf8 20. Ng3 Be5
21. Bf4 Bxf4 22. Nxf4 h5 23. Rf1 Kg7 24. Nd5 Kf8 25. Ne3 R4c5 26. Nxg4 hxg4 27.
Rdf2 f6 28. c3 g5 29. h5 Kf7 30. Rf5 Rxf5 31. Rxf5 e6 32. Rf1 Rd8 33. c4 d5 34.
cxd5 exd5 35. e5 f5 36. Rxf5+ Ke6 37. Rxg5 d4 38. Ne4 b6 39. Kc1 d3 40. Kd2 Rd4
41. Ng3 Rf4 42. h6 Rf8 43. Rxg4 Kxe5 44. h7 Rh8 45. Rg7 Kf6 46. Rxa7 Kg6 47.
Kxd3 Rxh7 48. Rxh7 1-0

[Event "III Open A Primavera"]
[Site "Como ITA"]
[Date "2007.04.27"]
[Round "3"]
[White "Puppi, Simone"]
[Black "Gonella, Graziano"]
[Result "1-0"]
[WhiteElo "1440"]
[BlackElo "1386"]
[PlyCount "59"]
[EventDate "2007.04.13"]

1. e4 c5 2. Nf3 Nf6 3. e5 Nd5 4. Bc4 e6 5. c3 Nc6 6. d4 d6 7. Bb5 a6 8. Bxc6+
bxc6 9. O-O Be7 10. Nbd2 Bg5 11. Nxg5 Qxg5 12. Ne4 Qe7 13. Nxd6+ Kd7 14. Nc4
Rb8 15. Qa4 cxd4 16. Na5 dxc3 17. Nxc6 Qc5 18. Nxb8+ Ke7 19. bxc3 Nxc3 20. Qa3
Qxa3 21. Bxa3+ Ke8 22. Rac1 f5 23. Rxc3 Kf7 24. Rfc1 Bd7 25. Nxd7 Kg6 26. Nf8+
Rxf8 27. Bxf8 Kf7 28. Rb1 Kxf8 29. Rc7 Kg8 30. Rb8# 1-0

[Event "III Open A Primavera"]
[Site "Como ITA"]
[Date "2007.05.04"]
[Round "4"]
[White "Bellotto, Stefano"]
[Black "Ciancio, Mario"]
[Result "1-0"]
[WhiteElo "1988"]
[BlackElo "1569"]
[PlyCount "71"]
[EventDate "2007.04.13"]

1. d4 d5 2. c4 dxc4 3. Nc3 Nf6 4. e3 e6 5. Nf3 c5 6. Ne5 cxd4 7. exd4 Bd6 8.
Nxc4 Be7 9. Be2 Nc6 10. Be3 O-O 11. O-O a6 12. a4 Nb4 13. f3 Nfd5 14. Bf2 Nf4
15. Re1 Nxe2+ 16. Qxe2 Bd7 17. d5 Re8 18. Nb6 Rb8 19. Nxd7 Qxd7 20. dxe6 fxe6
21. Rad1 Qc6 22. Qxe6+ Qxe6 23. Rxe6 Kf7 24. Re4 Rbd8 25. Rxe7+ Rxe7 26. Rxd8
Nc6 27. Rd1 h6 28. Kf1 g5 29. Bc5 Rc7 30. Ne4 Ne7 31. b4 Kg8 32. Bxe7 Rxe7 33.
Rd7 Rxd7 34. Nf6+ Kf7 35. Nxd7 b5 36. a5 1-0

[Event "III Open A Primavera"]
[Site "Como ITA"]
[Date "2007.05.04"]
[Round "4"]
[White "Ghelfi, Giancarlo"]
[Black "Corti, Filippo"]
[Result "1-0"]
[WhiteElo "1553"]
[BlackElo "1649"]
[PlyCount "67"]
[EventDate "2007.04.13"]

1. e4 c6 2. d4 d5 3. e5 Bf5 4. Nc3 e6 5. g4 Bg6 6. Nge2 h6 7. Nf4 Bh7 8. Bd3
Bxd3 9. Qxd3 Nd7 10. Be3 Ne7 11. h4 Qb6 12. O-O-O O-O-O 13. Na4 Qa5 14. Qb3 b5
15. Nc3 Nb6 16. Nd3 Nc4 17. Rh3 Qc7 18. h5 Na5 19. Qa3 Ng6 20. b4 Nxe5 21. Nxe5
Bd6 22. Qxa5 Bxe5 23. Qxc7+ Bxc7 24. Rf3 Rhf8 25. Bf4 Bb6 26. g5 hxg5 27. Bxg5
Rd7 28. Be3 e5 29. Ne2 e4 30. Rg3 f5 31. Nf4 Bc7 32. Rg6 Kb7 33. Ne6 Rff7 34.
Nc5+ 1-0

[Event "III Open A Primavera"]
[Site "Como ITA"]
[Date "2007.05.04"]
[Round "4"]
[White "Gonella, Graziano"]
[Black "Lotti, Riccardo"]
[Result "0-1"]
[WhiteElo "1386"]
[BlackElo "1389"]
[PlyCount "104"]
[EventDate "2007.04.13"]

1. e4 e6 2. Nc3 Nc6 3. d3 Bc5 4. Nf3 Nge7 5. Be2 Bd4 6. Bd2 e5 7. O-O O-O 8.
Qc1 f6 9. Be3 d6 10. Nb5 Bb6 11. c3 a6 12. Na3 d5 13. Qc2 d4 14. Qb3+ Kh8 15.
cxd4 exd4 16. Bf4 Ng6 17. Qd5 Nxf4 18. Qxd8 Rxd8 19. Bd1 Nxd3 20. Nc4 Be6 21.
Bb3 Bxc4 22. Bxc4 Nde5 23. Bd5 Rab8 24. Bxc6 bxc6 25. Rad1 d3 26. Rd2 c5 27. b3
Ba5 28. Rb2 Bc3 29. Rbb1 d2 30. g3 Nxf3+ 31. Kg2 Ne1+ 32. Kg1 d1=Q 33. Rxd1
Rxd1 34. Kh1 Re8 35. h4 Rxe4 36. Kg1 Ra1 37. a4 Rb1 38. f3 Bd4+ 39. Rf2 Nxf3+
40. Kg2 Ne1+ 41. Kf1 Nd3+ 42. Kg2 Bxf2 43. Kf3 Re5 44. Kg2 Re3 45. b4 Nxb4 46.
a5 Rb2 47. h5 Rxg3+ 48. Kh2 Be1+ 49. Kh1 Bc3 50. h6 Re3 51. hxg7+ Kxg7 52. Kg1
Re1# 0-1

[Event "III Open A Primavera"]
[Site "Como ITA"]
[Date "2007.05.04"]
[Round "4"]
[White "Lipari, Alberto"]
[Black "Fusi, Claudio"]
[Result "0-1"]
[WhiteElo "1464"]
[BlackElo "1565"]
[PlyCount "120"]
[EventDate "2007.04.13"]

1. d4 Nf6 2. c4 g6 3. Nc3 Bg7 4. Nf3 O-O 5. e4 d6 6. Bf4 Nh5 7. Bg3 Nxg3 8.
hxg3 Nd7 9. Bd3 e5 10. d5 Nc5 11. Be2 a5 12. Qd2 Qf6 13. Ng5 h6 14. Nh3 g5 15.
f4 g4 16. Nf2 exf4 17. gxf4 g3 18. Ng4 Bxg4 19. Bxg4 Rae8 20. Bf3 Kh7 21. Rh3
Qd4 22. Qxd4 Bxd4 23. O-O-O Be3+ 24. Kb1 Bxf4 25. Ne2 Be5 26. Nxg3 Na4 27. Nf5
Bg7 28. Nxg7 Kxg7 29. Rdh1 Rh8 30. Re1 Nb6 31. b3 Nd7 32. Bg4 Ne5 33. Bf5 Ng6
34. Rg3 Re5 35. Kc2 Rhe8 36. Kd3 Rxf5 37. exf5 Rxe1 38. fxg6 fxg6 39. a4 g5 40.
Rg4 Kg6 41. Kd4 h5 42. Rg3 g4 43. c5 Kg5 44. cxd6 cxd6 45. Rc3 Kf4 46. g3+ Kg5
47. Rc7 Rd1+ 48. Ke3 Rxd5 49. Rg7+ Kf5 50. Rxb7 Ke6 51. Kf4 Rf5+ 52. Ke4 Rf3
53. Rb8 Rxg3 54. Rh8 Rxb3 55. Rh6+ Kd7 56. Kd5 g3 57. Rxd6+ Kc7 58. Rc6+ Kb7
59. Rf6 h4 60. Rg6 Rb2 0-1

[Event "III Open A Primavera"]
[Site "Como ITA"]
[Date "2007.05.04"]
[Round "4"]
[White "Liscio, Giovanni"]
[Black "Napoli, Ferdinando"]
[Result "1-0"]
[WhiteElo "2000"]
[BlackElo "1826"]
[PlyCount "27"]
[EventDate "2007.04.13"]

1. d4 Nf6 2. c4 g6 3. Nc3 Bg7 4. e4 O-O 5. f4 d6 6. Nf3 c5 7. d5 e6 8. Be2 exd5
9. cxd5 Re8 10. Nd2 a6 11. a4 Qa5 12. O-O b5 13. axb5 Qb4 14. Ra4 1-0

[Event "III Open A Primavera"]
[Site "Como ITA"]
[Date "2007.05.04"]
[Round "4"]
[White "Petetta, Roberto"]
[Black "Ostini, Michele"]
[Result "1/2-1/2"]
[WhiteElo "1778"]
[BlackElo "1482"]
[PlyCount "107"]
[EventDate "2007.04.13"]

1. e4 c6 2. d4 d5 3. Nc3 dxe4 4. Nxe4 Nd7 5. Bc4 Ngf6 6. Qf3 e6 7. Bf4 Nxe4 8.
Qxe4 Nf6 9. Qd3 Bd6 10. Ne2 Qc7 11. Bxd6 Qxd6 12. f4 Bd7 13. g3 c5 14. dxc5
Qxc5 15. O-O-O O-O-O 16. Qd4 Qxd4 17. Nxd4 Ng4 18. Rd2 Rhe8 19. h3 Nf6 20. Re1
Kc7 21. Rde2 g6 22. g4 Nd5 23. Bxd5 exd5 24. Rxe8 Rxe8 25. Rxe8 Bxe8 26. g5 Bd7
27. h4 Kd6 28. Kd2 Ke7 29. Kc3 f6 30. Nb3 b6 31. Nd4 f5 32. Nf3 Kd6 33. Kd4 Be8
34. Ne5 a6 35. Nd3 Bc6 36. Nb4 Bb7 37. a4 a5 38. Nd3 Ba6 39. Ne5 Be2 40. c4
dxc4 41. Nxc4+ Kc6 42. Ne5+ Kd6 43. b3 Bd1 44. Kc4 Be2+ 45. Kd4 Bd1 46. Nc4+
Kc6 47. Kc3 Be2 48. b4 Bxc4 49. Kxc4 axb4 50. Kxb4 Kd6 51. Kb5 Kc7 52. Kc4 Kc6
53. Kd4 Kd6 54. Kc4 1/2-1/2

[Event "III Open A Primavera"]
[Site "Como ITA"]
[Date "2007.05.04"]
[Round "4"]
[White "Raineri, Pieroberto"]
[Black "Giaracuni, Claudio"]
[Result "0-1"]
[WhiteElo "1565"]
[BlackElo "1759"]
[PlyCount "94"]
[EventDate "2007.04.13"]

1. Nf3 g6 2. c4 Bg7 3. Nc3 f5 4. g3 Nf6 5. Bg2 O-O 6. O-O c5 7. e3 Nc6 8. d4
cxd4 9. exd4 Ne4 10. Be3 Nxc3 11. bxc3 d6 12. Ng5 Bf6 13. Bd5+ Kg7 14. Ne6+
Bxe6 15. Bxe6 Qc7 16. Qd2 Rab8 17. Bh6+ Kh8 18. c5 dxc5 19. Bf4 Qa5 20. Bxb8
Nxd4 21. Bd5 Rxb8 22. Rfd1 Nb5 23. Qf4 e5 24. Qh6 Nxc3 25. Bf7 Nxd1 26. Rxd1
Bg7 27. Qh4 Qb6 28. Qe7 Bf6 29. Qd7 Rd8 30. Qa4 Rxd1+ 31. Qxd1 Qd8 32. Qb3 b6
33. Qe6 e4 34. Be8 Qd1+ 35. Kg2 Qf3+ 36. Kh3 Bd4 37. Qf7 Bg7 38. Bc6 h5 39.
Qxa7 g5 40. Qf7 Qg4+ 41. Kg2 h4 42. h3 Qf3+ 43. Kh2 Qxf2+ 44. Kh1 Qe1+ 45. Kg2
Qxg3+ 46. Kh1 Qxh3+ 47. Kg1 Bd4# 0-1

[Event "III Open A Primavera"]
[Site "Como ITA"]
[Date "2007.05.04"]
[Round "4"]
[White "Rizzi, Pierantonio"]
[Black "Spinelli, Francesco"]
[Result "0-1"]
[WhiteElo "1410"]
[BlackElo "1601"]
[PlyCount "76"]
[EventDate "2007.04.13"]

1. e4 e5 2. Nf3 Nc6 3. Bb5 d6 4. Nc3 Bd7 5. d3 h6 6. a3 Nf6 7. Be3 a6 8. Bxc6
Bxc6 9. b4 d5 10. Nxe5 d4 11. Nxc6 bxc6 12. Bxd4 Qxd4 13. Ne2 Qe5 14. h3 c5 15.
c3 cxb4 16. axb4 Be7 17. Ra5 Qe6 18. Nd4 Qd7 19. Qf3 O-O 20. O-O Bxb4 21. Rd5
Nxd5 22. exd5 Bxc3 23. Nc6 a5 24. d4 Bb4 25. Qe4 Rfe8 26. Qf3 Ra6 27. Ne5 Qe7
28. Qe3 Raa8 29. Qb3 Qd6 30. f4 Red8 31. Nc6 Qxd5 32. Qxb4 axb4 33. Ne7+ Kf8
34. Nxd5 Rxd5 35. Rd1 Rad8 36. Rc1 R8d7 37. Rc4 Rxd4 38. Rc2 b3 0-1

[Event "III Open A Primavera"]
[Site "Como ITA"]
[Date "2007.05.04"]
[Round "4"]
[White "Vaghi, Cornelio"]
[Black "Grassetto, Gilberto"]
[Result "0-1"]
[WhiteElo "1461"]
[BlackElo "1933"]
[PlyCount "72"]
[EventDate "2007.04.13"]

1. e4 c5 2. Nf3 d6 3. d4 cxd4 4. Nxd4 a6 5. c3 Nf6 6. h3 Nxe4 7. Qc2 Nf6 8. Bd3
Nbd7 9. O-O Qc7 10. Nd2 b5 11. N2f3 Bb7 12. Qe2 e6 13. Bc2 Be7 14. Re1 Rc8 15.
Ng5 O-O 16. Ngxe6 fxe6 17. Qxe6+ Rf7 18. Nf5 Ne5 19. Bb3 Kf8 20. Rxe5 Bd8 21.
Qxd6+ Be7 22. Qe6 Bd8 23. Qxf7+ Qxf7 24. Bxf7 Bc7 25. Re3 Kxf7 26. b3 Nd5 27.
Rd3 Re8 28. Ba3 Re6 29. Rad1 Nf6 30. Bd6 Bb6 31. Bb8 Be4 32. Nd6+ Kg6 33. Nxe4
Nxe4 34. Bg3 h5 35. Kf1 Kf6 36. f3 Nxg3# 0-1

[Event "III Open A Primavera"]
[Site "Como ITA"]
[Date "2007.05.11"]
[Round "5"]
[White "Calabrese, Salvatore"]
[Black "Gonella, Graziano"]
[Result "1-0"]
[WhiteElo "1356"]
[BlackElo "1386"]
[PlyCount "107"]
[EventDate "2007.04.13"]

1. d4 d5 2. Bd2 Nc6 3. Nf3 Qd6 4. c3 e6 5. g3 Nf6 6. Bf4 Qd8 7. Qa4 Bd6 8. Nbd2
O-O 9. b4 a6 10. b5 Ne7 11. c4 Bd7 12. Bxd6 axb5 13. Qb4 Ra4 14. Qc5 b6 15.
Qxc7 Qxc7 16. Bxc7 dxc4 17. Bxb6 c3 18. Nb3 Rc8 19. e3 Nfd5 20. Bc5 Nf5 21. Bd3
Nb4 22. Ke2 c2 23. Rhc1 Nxa2 24. Bxc2 Nc3+ 25. Kd3 Na2 26. Rcb1 Bc6 27. Ne5 Bd5
28. Nd2 Ra5 29. e4 Bc6 30. exf5 exf5 31. Nxc6 Rxc6 32. Bb3 Rca6 33. Ke3 b4 34.
Kf3 Nc3 35. Re1 g6 36. Rxa5 Rxa5 37. Bxb4 Ra7 38. Re8+ Kg7 39. Bxc3 Ra3 40. d5+
Kh6 41. d6 Ra7 42. Bd4 Rd7 43. Bc5 Kg7 44. g4 fxg4+ 45. Kxg4 Kh6 46. Ne4 f5+
47. Kf4 Rg7 48. Nf6 Rb7 49. d7 g5+ 50. Ke5 Rxb3 51. d8=Q Rf3 52. Qd7 g4 53.
Qxh7+ Kg5 54. Rg8# 1-0

[Event "III Open A Primavera"]
[Site "Como ITA"]
[Date "2007.05.11"]
[Round "5"]
[White "Ciancio, Mario"]
[Black "Ghelfi, Giancarlo"]
[Result "1-0"]
[WhiteElo "1569"]
[BlackElo "1553"]
[PlyCount "73"]
[EventDate "2007.04.13"]

1. e4 c5 2. Nf3 d6 3. d4 cxd4 4. Nxd4 Nf6 5. Nc3 a6 6. Be2 e5 7. Nb3 b5 8. a3
Bb7 9. Qd3 Be7 10. O-O O-O 11. f4 Nbd7 12. f5 Rc8 13. Be3 Nb6 14. Bxb6 Qxb6+
15. Kh1 Rc4 16. Bf3 Rfc8 17. g4 b4 18. axb4 Rxb4 19. g5 Nd7 20. h4 f6 21. Rg1
Nc5 22. Nxc5 Qxc5 23. Rab1 Qf2 24. Rg4 Qd4 25. Rgg1 a5 26. Qe2 Qb6 27. Nd1 d5
28. Rg4 Ba6 29. Qg2 Rcc4 30. exd5 Rxg4 31. Bxg4 Qd4 32. c3 Qxg4 33. cxb4 Qxh4+
34. Kg1 Bxb4 35. Nf2 fxg5 36. d6 Bxd6 37. Qd5+ 1-0

[Event "III Open A Primavera"]
[Site "Como ITA"]
[Date "2007.05.11"]
[Round "5"]
[White "Grassetto, Gilberto"]
[Black "Bellotto, Stefano"]
[Result "0-1"]
[WhiteElo "1933"]
[BlackElo "1988"]
[PlyCount "74"]
[EventDate "2007.04.13"]

1. d4 d6 2. c4 f5 3. Nc3 Nf6 4. g3 g6 5. Bg2 Bg7 6. Nh3 O-O 7. O-O c6 8. f3 Qc7
9. Be3 e5 10. d5 Na6 11. Qd2 c5 12. Bh6 Qe7 13. Bxg7 Kxg7 14. Rae1 Nh5 15. e4
f4 16. g4 Nf6 17. a3 Bd7 18. Ne2 Rac8 19. Nhxf4 exf4 20. Nxf4 Qe5 21. Ne2 g5
22. h3 Rce8 23. Rf2 h5 24. Ref1 hxg4 25. fxg4 Bxg4 26. Rxf6 Rxf6 27. Rxf6 Bxe2
28. Rf5 Qd4+ 29. Qxd4+ cxd4 30. Rxg5+ Kf6 31. Rf5+ Kg6 32. Kf2 Bxc4 33. Bf3 Re5
34. Rf8 Nc5 35. Rd8 Nxe4+ 36. Bxe4+ Rxe4 37. Rxd6+ Kf7 0-1

[Event "III Open A Primavera"]
[Site "Como ITA"]
[Date "2007.05.11"]
[Round "5"]
[White "Lotti, Riccardo"]
[Black "Petetta, Roberto"]
[Result "0-1"]
[WhiteElo "1389"]
[BlackElo "1778"]
[PlyCount "86"]
[EventDate "2007.04.13"]

1. d4 d5 2. c4 e6 3. Nc3 Nf6 4. Nf3 Nbd7 5. e3 c6 6. Bd3 Bb4 7. Qc2 O-O 8. O-O
Re8 9. a3 Ba5 10. c5 e5 11. e4 Bxc3 12. bxc3 dxe4 13. Bxe4 exd4 14. Re1 dxc3
15. Bf5 Rxe1+ 16. Nxe1 Qa5 17. Bxd7 Nxd7 18. Qe4 Qxc5 19. Be3 Qe5 20. Qd4 Qxd4
21. Bxd4 a6 22. Rc1 b5 23. Bxc3 Bb7 24. Nd3 Rc8 25. Re1 Kf8 26. Ne5 Nxe5 27.
Bxe5 f6 28. Bd6+ Kf7 29. Re7+ Kg6 30. Rxb7 Rd8 31. Rb6 Rxd6 32. g3 a5 33. h3 f5
34. Kg2 Kf6 35. Rb8 Rd7 36. Rc8 Rd6 37. h4 g6 38. Rc7 h5 39. Rc8 Ke5 40. Re8+
Kd4 41. Re1 Kc3 42. Re3+ Kc4 43. Kf3 Rd3 0-1

[Event "III Open A Primavera"]
[Site "Como ITA"]
[Date "2007.05.11"]
[Round "5"]
[White "Luppi, Dario"]
[Black "Liscio, Giovanni"]
[Result "0-1"]
[WhiteElo "1718"]
[BlackElo "2000"]
[PlyCount "60"]
[EventDate "2007.04.13"]

1. d4 Nf6 2. c4 g6 3. Nc3 d5 4. Nf3 Bg7 5. Bg5 c6 6. e3 O-O 7. Qb3 dxc4 8. Bxc4
Qb6 9. Qa3 Qd8 10. b4 Nbd7 11. Qb3 Qe8 12. O-O Nb6 13. Bd3 Be6 14. Qc2 Nfd5 15.
a3 f6 16. Nxd5 cxd5 17. Bf4 Rc8 18. Qb3 Qd7 19. Rfc1 Nc4 20. b5 Bf7 21. Qb4
Rfe8 22. Bxc4 dxc4 23. Bg3 e5 24. dxe5 fxe5 25. Rd1 Qe7 26. Qxe7 Rxe7 27. Rac1
c3 28. Ng5 Bb3 29. Rd3 e4 30. Rd6 c2 0-1

[Event "III Open A Primavera"]
[Site "Como ITA"]
[Date "2007.05.11"]
[Round "5"]
[White "Napoli, Ferdinando"]
[Black "Giaracuni, Claudio"]
[Result "1-0"]
[WhiteElo "1826"]
[BlackElo "1759"]
[PlyCount "97"]
[EventDate "2007.04.13"]

1. e4 e6 2. d4 d5 3. Nc3 Bb4 4. e5 c5 5. a3 Bxc3+ 6. bxc3 Qc7 7. Nf3 Nc6 8. Be2
c4 9. a4 Nge7 10. O-O O-O 11. Ba3 Re8 12. Qd2 Bd7 13. Rfb1 a6 14. a5 Nxa5 15.
Bd6 Qd8 16. Qf4 b5 17. Qh4 Nac6 18. Qh5 Ng6 19. Qg4 Nce7 20. h4 h5 21. Qg5 Nf5
22. Qxd8 Rexd8 23. Bc5 Nfxh4 24. Nxh4 Nxh4 25. Be7 Rdb8 26. Bxh4 g6 27. Ra5 Rb6
28. Be7 Rbb8 29. Rba1 Re8 30. Bd6 Bc6 31. Rxa6 Bb7 32. Rxa8 Rxa8 33. Rxa8+ Bxa8
34. Kh2 Kg7 35. Be7 Bc6 36. Kg3 Bd7 37. Kh4 Be8 38. Kg5 Bd7 39. g3 Be8 40. Kf4
Bd7 41. Ke3 Be8 42. Kd2 Kg8 43. Kc1 Kg7 44. Kb2 Kg8 45. Ka3 Kg7 46. Kb4 Kg8 47.
Kc5 Kg7 48. Kd6 Kg8 49. g4 1-0

[Event "III Open A Primavera"]
[Site "Como ITA"]
[Date "2007.05.11"]
[Round "5"]
[White "Ostini, Michele"]
[Black "Vaghi, Cornelio"]
[Result "0-1"]
[WhiteElo "1482"]
[BlackElo "1461"]
[PlyCount "60"]
[EventDate "2007.04.13"]

1. d4 Nf6 2. c4 g6 3. Nc3 Bg7 4. Nf3 d6 5. g3 b6 6. Bg2 Bb7 7. O-O O-O 8. Re1
Nc6 9. Rb1 e6 10. Bg5 Qd7 11. Qd2 Ne7 12. Bh6 c5 13. Bxg7 Kxg7 14. dxc5 bxc5
15. Rbd1 Rad8 16. a3 a6 17. Ng5 Bxg2 18. Kxg2 Nf5 19. e3 Qc6+ 20. Kg1 h6 21.
Nh3 h5 22. Qc2 Ng4 23. Qe2 d5 24. cxd5 exd5 25. Nf4 d4 26. exd4 Nxd4 27. Qe4
Qxe4 28. Nxe4 Rde8 29. Nd2 g5 30. Ng2 Ne2+ 0-1

[Event "III Open A Primavera"]
[Site "Como ITA"]
[Date "2007.05.11"]
[Round "5"]
[White "Puppi, Simone"]
[Black "Lancianese, Giuseppe"]
[Result "0-1"]
[WhiteElo "1440"]
[BlackElo "1640"]
[PlyCount "72"]
[EventDate "2007.04.13"]

1. e4 d5 2. exd5 Nf6 3. Nc3 Nxd5 4. Bc4 e6 5. a3 Be7 6. Qf3 c6 7. b4 Nd7 8. d4
O-O 9. Nh3 Bf6 10. Ne2 N7b6 11. Bd3 e5 12. Qe4 g6 13. dxe5 Re8 14. Bb2 Bf5 15.
Qf3 Bxd3 16. cxd3 Bxe5 17. Bxe5 Rxe5 18. O-O Qe7 19. Rfe1 Re8 20. Kf1 Nc3 21.
Nhf4 Nbd5 22. d4 Re4 23. Nxd5 cxd5 24. Qxc3 Rxe2 25. g3 Qe4 26. f3 Qe6 27. Rxe2
Qxe2+ 28. Kg1 Re3 29. Qc8+ Kg7 30. Qg4 Rxf3 31. h3 Qe3+ 32. Kg2 Qf2+ 33. Kh1
Rxg3 34. Qxg3 Qxg3 35. Rc1 Qf3+ 36. Kh2 Qf4+ 0-1

[Event "III Open A Primavera"]
[Site "Como ITA"]
[Date "2007.05.11"]
[Round "5"]
[White "Raineri, Pieroberto"]
[Black "Rizzi, Pierantonio"]
[Result "1-0"]
[WhiteElo "1565"]
[BlackElo "1410"]
[PlyCount "53"]
[EventDate "2007.04.13"]

1. Nf3 Nc6 2. d4 Nf6 3. c4 e6 4. Nc3 Bb4 5. Qc2 Qe7 6. a3 Bxc3+ 7. bxc3 d6 8.
e4 Na5 9. Bd3 Bd7 10. O-O Bc6 11. Re1 Nd7 12. d5 Ne5 13. Nxe5 dxe5 14. dxc6
Nxc6 15. a4 Qd7 16. Ba3 O-O-O 17. Rad1 Qe8 18. Rb1 f6 19. Qb2 Na5 20. Qb4 b6
21. c5 Nc6 22. Qb5 Nb8 23. Qc4 Qc6 24. cxb6 axb6 25. a5 b5 26. Qxb5 Kd7 27.
Qxc6+ 1-0

[Event "III Open A Primavera"]
[Site "Como ITA"]
[Date "2007.05.11"]
[Round "5"]
[White "Spinelli, Francesco"]
[Black "Lipari, Alberto"]
[Result "1-0"]
[WhiteElo "1601"]
[BlackElo "1464"]
[PlyCount "59"]
[EventDate "2007.04.13"]

1. e4 c5 2. Nf3 e6 3. Nc3 d5 4. exd5 exd5 5. Bb5+ Nc6 6. O-O d4 7. Re1+ Be6 8.
Ne4 h6 9. d3 a6 10. Bxc6+ bxc6 11. Bf4 Ne7 12. Nxc5 Qc8 13. Nxd4 Nd5 14. Ncxe6
fxe6 15. Rxe6+ Ne7 16. Qh5+ Kd8 17. Rd6+ Kc7 18. Rxc6+ Kb7 19. Rxc8 Rxc8 20.
Qf3+ Nc6 21. Re1 Bc5 22. Nxc6 Rxc6 23. Re6 Rhc8 24. Rxc6 Rxc6 25. Be5 g5 26. d4
Bb6 27. Qf7+ Bc7 28. Bxc7 Rxc7 29. Qb3+ Kc8 30. c4 1-0

[Event "III Open A Primavera"]
[Site "Como ITA"]
[Date "2007.05.18"]
[Round "6"]
[White "Fusi, Claudio"]
[Black "Napoli, Ferdinando"]
[Result "0-1"]
[WhiteElo "1565"]
[BlackElo "1826"]
[PlyCount "44"]
[EventDate "2007.04.13"]

1. d4 Nf6 2. c4 g6 3. Nc3 Bg7 4. e4 O-O 5. e5 Ne8 6. f4 d6 7. Nf3 c5 8. dxc5
Nc6 9. cxd6 exd6 10. Be2 Bf5 11. exd6 Nxd6 12. O-O Qb6+ 13. Kh1 Ne4 14. Qe1
Nxc3 15. bxc3 Rfe8 16. a4 Nb4 17. Qf2 Nc2 18. c5 Qe6 19. Rb1 Qxe2 20. Rxb7 Qa6
21. Rb5 Bd3 22. Re1 Re2 0-1

[Event "III Open A Primavera"]
[Site "Como ITA"]
[Date "2007.05.18"]
[Round "6"]
[White "Ghelfi, Giancarlo"]
[Black "Calabrese, Salvatore"]
[Result "1-0"]
[WhiteElo "1553"]
[BlackElo "1356"]
[PlyCount "73"]
[EventDate "2007.04.13"]

1. e4 g6 2. d4 d6 3. g3 Bg7 4. Ne2 Nc6 5. Bg2 Bg4 6. Nbc3 e5 7. Be3 Nge7 8. Qd2
Bxe2 9. Nxe2 d5 10. O-O dxe4 11. Bxe4 Nd5 12. c3 Nxe3 13. Bxc6+ bxc6 14. Qxe3
Qd5 15. Nf4 Qb5 16. Nd3 O-O-O 17. a4 Qd5 18. Nb4 exd4 19. Qd3 Qc5 20. Qa6+ Kd7
21. Rad1 Rhe8 22. Qd3 a5 23. Nc2 Kc8 24. cxd4 Qb6 25. Qc3 Re2 26. Rd3 Rd5 27.
Rfd1 Re6 28. b3 c5 29. Qc4 c6 30. dxc5 Qd8 31. Qa6+ Kb8 32. Rxd5 cxd5 33. Qb5+
Kc7 34. Qxa5+ Kc8 35. Qa8+ Kc7 36. Qxd5 Qb8 37. Qd7# 1-0